000 00643nam a2200241Ia 4500
001 6717
005 20240113233936.0
007 ta
008 050630s1971 a g b000 u hin u
040 _aCotton College Assam
041 _ahin
082 _a891.43309
_bSi 64 H
100 _aSingh, Manjula .
245 0 _aHindi Upanyason Mein Madhyabarg /
_cManjula Singh.
_hTextual Documents
250 _a1st ed. /
260 _aNew Delhi :
_bArya Book Depo ,
_c1971.
300 _a413p. :
_bill. ;
_c22cm .
653 _aHindi novel-Criticism
653 _aGen-Hindi
942 _2ddc
_cBK
999 _c6704
_d6704